00474 2200169 4500001002300000005001700023006001900040008004100059035002600100084001500126100002000141245002900161260003800190300002200228650003100250990002300281NBPULOT00000000000544620140627142612.0a ||| | 171130| ||| |  a 0010-061400000000937 a 813 Pra l0 a Wiwid Prasetyo00a Lilin pun Dipadamkannya a Yogyakarta b Real Books c 2011 a 243 hlm c 21 cm 0a novel kepemimpinan, novel a 18707/APBDII/2013